<?xml version="1.0" encoding="UTF-8"?>
<record
    xmlns:xsi="http://www.w3.org/2001/XMLSchema-instance"
    xsi:schemaLocation="http://www.loc.gov/MARC21/slim http://www.loc.gov/standards/marcxml/schema/MARC21slim.xsd"
    xmlns="http://www.loc.gov/MARC21/slim">

  <leader>01454nam a2200433Ia 4500</leader>
  <controlfield tag="001">028034</controlfield>
  <controlfield tag="008">221003s2005    xx            000 0 spa d</controlfield>
  <datafield tag="035" ind1=" " ind2=" ">
    <subfield code="a">CENDO_19077</subfield>
  </datafield>
  <datafield tag="041" ind1=" " ind2=" ">
    <subfield code="a">spa</subfield>
  </datafield>
  <datafield tag="084" ind1=" " ind2=" ">
    <subfield code="a">CD-10042</subfield>
  </datafield>
  <datafield tag="110" ind1=" " ind2=" ">
    <subfield code="a">CCOO.</subfield>
    <subfield code="b">Uni&#xF3;n Regional de Cantabria</subfield>
    <subfield code="c">Secretar&#xED;a de Empleo</subfield>
    <subfield code="9">18986</subfield>
  </datafield>
  <datafield tag="245" ind1=" " ind2="0">
    <subfield code="a">Gu&#xED;a de ayudas al empleo /</subfield>
    <subfield code="c">Uni&#xF3;n Regional de CCOO de Cantabria, Secretar&#xED;a de Empleo y FOREM Cantabria</subfield>
  </datafield>
  <datafield tag="260" ind1=" " ind2=" ">
    <subfield code="a">[S.l. :</subfield>
    <subfield code="b">s.n.],</subfield>
    <subfield code="c">2005</subfield>
  </datafield>
  <datafield tag="300" ind1=" " ind2=" ">
    <subfield code="a">[24] p.  ;</subfield>
    <subfield code="c"> 21 x 30 cm</subfield>
  </datafield>
  <datafield tag="500" ind1=" " ind2=" ">
    <subfield code="a">Datos tomados de la cub.</subfield>
  </datafield>
  <datafield tag="650" ind1=" " ind2=" ">
    <subfield code="a">CANTABRIA</subfield>
    <subfield code="9">3890</subfield>
  </datafield>
  <datafield tag="650" ind1=" " ind2=" ">
    <subfield code="a">CONTRATACION</subfield>
    <subfield code="9">166</subfield>
  </datafield>
  <datafield tag="650" ind1=" " ind2=" ">
    <subfield code="a">EMPLEO</subfield>
    <subfield code="9">51</subfield>
  </datafield>
  <datafield tag="650" ind1=" " ind2=" ">
    <subfield code="a">FOMENTO DEL EMPLEO</subfield>
    <subfield code="9">150</subfield>
  </datafield>
  <datafield tag="650" ind1=" " ind2=" ">
    <subfield code="a">GUIA</subfield>
    <subfield code="9">186</subfield>
  </datafield>
  <datafield tag="650" ind1=" " ind2=" ">
    <subfield code="a">MUJERES</subfield>
    <subfield code="9">199</subfield>
  </datafield>
  <datafield tag="650" ind1=" " ind2=" ">
    <subfield code="a">PERSONA CON DISCAPACIDAD</subfield>
    <subfield code="9">1829</subfield>
  </datafield>
  <datafield tag="650" ind1=" " ind2=" ">
    <subfield code="a">POLITICA DE EMPLEO</subfield>
    <subfield code="9">112</subfield>
  </datafield>
  <datafield tag="650" ind1=" " ind2=" ">
    <subfield code="a">TRABAJADOR INDEPENDIENTE</subfield>
    <subfield code="9">1351</subfield>
  </datafield>
  <datafield tag="650" ind1=" " ind2="0">
    <subfield code="a">MERCADO DE TRABAJO</subfield>
    <subfield code="9">52</subfield>
  </datafield>
  <datafield tag="710" ind1=" " ind2=" ">
    <subfield code="a">CANTABRIA</subfield>
    <subfield code="b">Acuerdo de Concertaci&#xF3;n Social</subfield>
    <subfield code="9">40005</subfield>
  </datafield>
  <datafield tag="710" ind1=" " ind2=" ">
    <subfield code="a">CANTABRIA</subfield>
    <subfield code="b">Gobierno</subfield>
    <subfield code="b">Consejer&#xED;a de Industria, Trabajo y Desarrollo Tecnol&#xF3;gico</subfield>
    <subfield code="9">18987</subfield>
  </datafield>
  <datafield tag="710" ind1=" " ind2=" ">
    <subfield code="a">FONDO SOCIAL EUROPEO,</subfield>
    <subfield code="e">col.</subfield>
    <subfield code="9">982</subfield>
  </datafield>
  <datafield tag="710" ind1=" " ind2=" ">
    <subfield code="a">FOREM</subfield>
    <subfield code="c">Cantabria</subfield>
    <subfield code="9">4960</subfield>
  </datafield>
  <datafield tag="710" ind1=" " ind2=" ">
    <subfield code="a">FUNDACION FORMACION Y EMPLEO MIGUEL ESCALERA</subfield>
    <subfield code="c">Cantabria</subfield>
    <subfield code="9">18988</subfield>
  </datafield>
  <datafield tag="901" ind1=" " ind2=" ">
    <subfield code="a">2</subfield>
  </datafield>
  <datafield tag="903" ind1=" " ind2=" ">
    <subfield code="a">NO</subfield>
  </datafield>
  <datafield tag="904" ind1=" " ind2=" ">
    <subfield code="a">000</subfield>
  </datafield>
  <datafield tag="906" ind1=" " ind2=" ">
    <subfield code="a">CANTABRIA</subfield>
    <subfield code="b">Acuerdo de Concertaci&#xF3;n Social</subfield>
  </datafield>
  <datafield tag="910" ind1=" " ind2=" ">
    <subfield code="a">2005</subfield>
  </datafield>
  <datafield tag="942" ind1=" " ind2=" ">
    <subfield code="c">MONOGRAFIA</subfield>
  </datafield>
  <datafield tag="953" ind1=" " ind2=" ">
    <subfield code="d">2010-07-29</subfield>
    <subfield code="y">MONOGRAFIA</subfield>
    <subfield code="o">CD-10042</subfield>
  </datafield>
  <datafield tag="999" ind1=" " ind2=" ">
    <subfield code="c">19076</subfield>
    <subfield code="d">19076</subfield>
  </datafield>
  <datafield tag="952" ind1=" " ind2=" ">
    <subfield code="0">0</subfield>
    <subfield code="1">0</subfield>
    <subfield code="4">0</subfield>
    <subfield code="7">0</subfield>
    <subfield code="a">CENDO</subfield>
    <subfield code="b">CENDO</subfield>
    <subfield code="d">2010-07-29</subfield>
    <subfield code="l">0</subfield>
    <subfield code="o">CD-10042</subfield>
    <subfield code="p">CENDO_19077</subfield>
    <subfield code="r">2022-10-05 00:00:00</subfield>
    <subfield code="w">2022-10-05</subfield>
    <subfield code="y">MONOGRAFIA</subfield>
  </datafield>
</record>
